000 00477nam a2200205Ia 4500
005 20250425161734.0
008 250425s9999 xx 000 0 und d
020 _a9978160035
041 _aspa
082 _a986.6
100 _aDONOSO PAREJA, MIGUEL
245 0 _aECUADOR: IDENTIDAD O ESQUIZOFRENIA
250 _a1A ED.
260 _aEcuador
_bESKELETRA
_c1998
260 _aQUITO
300 _a193
650 _aECUADOR-HISTORIA
942 _c01
010 _a27017
999 _c215120
_d215120